000 00497nam a22001337a 4500
040 _cNUST
082 _a220 PRO
100 _aGhousia Hafeez Ahsan Ali Daud Abdullah Khan
_985577
110 _aProject Supervisor Dr. Raja Amir Azim Co-Supervisor Dr. Hasan Aftab Saeed
_985578
245 _aPR-SOF-2038-Development of Steering and Braking Mechanism for Shell Eco Marathon Autonomous Vehicle
260 _aISLAMABAD:
_bNUST COLLEGE OF EME,
_c2021.
650 _aDE-MECH-39
_985579
942 _2ddc
_cPR
999 _c587019
_d587019